Globalization matters : engaging the global in unsettled times (Record no. 44736)
[ view plain ]
| 000 -LEADER | |
|---|---|
| fixed length control field | 01407nam a2200265 a 4500 |
| 001 - CONTROL NUMBER | |
| control field | 20955015 |
| 008 - FIXED-LENGTH DATA ELEMENTS--GENERAL INFORMATION | |
| fixed length control field | 200624s2019 ||||||||||||||||| || u |
| 010 ## - LIBRARY OF CONGRESS CONTROL NUMBER | |
| LC control number | 2019014856 |
| 020 ## - INTERNATIONAL STANDARD BOOK NUMBER | |
| International Standard Book Number | 9781108456678 |
| 050 ## - LIBRARY OF CONGRESS CALL NUMBER | |
| Classification number | JZ 1318 Ste |
| 100 ## - MAIN ENTRY--PERSONAL NAME | |
| Personal name | Steger, Manfred B |
| 245 10 - TITLE STATEMENT | |
| Title | Globalization matters : engaging the global in unsettled times |
| Statement of responsibility, etc. | By Manfred B. Steger and Paul James |
| 260 ## - PUBLICATION, DISTRIBUTION, ETC. | |
| Place of publication, distribution, etc. | New York |
| Name of publisher, distributor, etc. | Cambridge University Press |
| Date of publication, distribution, etc. | 2019 |
| 300 ## - PHYSICAL DESCRIPTION | |
| Extent | vii, 301 pages : illustrations |
| 336 ## - CONTENT TYPE | |
| Content type term | text |
| Source | rdacontent |
| 337 ## - MEDIA TYPE | |
| Media type term | unmediated |
| Source | rdamedia |
| 338 ## - CARRIER TYPE | |
| Carrier type term | volume |
| Source | rdacarrier |
| 350 ## - PRICE (NR) (BK AM CF MU VM SE) [OBSOLETE] | |
| Price | 54.64 |
| 500 ## - GENERAL NOTE | |
| General note | Includes bibliographical references and index. |
| 505 ## - FORMATTED CONTENTS NOTE | |
| Formatted contents note | Mapping a new genealogy of 'globalization' -- Rethinking the dominant framework of globalization theory -- Considering the subjective dimensions of globalization -- Outlining an engaged theory of globalization -- Excavating the long history of globalization -- Examining the promise of global studies -- Making sense of the populist challenge to globalization -- Confronting the global urban imaginary -- Living in the unsettled world of the anthropocene. |
| 650 #0 - SUBJECT ADDED ENTRY--TOPICAL TERM | |
| Topical term or geographic name entry element | NATION-STATE AND GLOBALIZATION |
| 650 #0 - SUBJECT ADDED ENTRY--TOPICAL TERM | |
| Topical term or geographic name entry element | GLOBALIZATION |
| 700 ## - ADDED ENTRY--PERSONAL NAME | |
| Personal name | James, Paul |
| 995 ## - RECOMMENDATION 995 [LOCAL, UNIMARC FRANCE] | |
| -- | CBU-MAIN LIBRARY (Kitwe) |
| -- | 54.64 |
| -- | 1 |
| -- | AVAILABLE |
| -- | Jun 24, 2020 |
| -- | Main Library Open Access Collection |
| Withdrawn status | Lost status | Source of classification or shelving scheme | Damaged status | Not for loan | Home library | Current library | Shelving location | Date acquired | Total Checkouts | Full call number | Barcode | Date last seen | Price effective from | Koha item type |
|---|---|---|---|---|---|---|---|---|---|---|---|---|---|---|
| CBU-MAIN LIBRARY, KITWE. | CBU-MAIN LIBRARY, KITWE. | 11/30/2022 | JZ 1318 Ste | 750329 | 11/30/2022 | 11/30/2022 | MONOGRAPH |